000 00228nam a22001097a 4500
082 _a808.3 ELI'M
100 _aELIOT, GEORGE
_9349
245 _aMIDDLE MARCH
260 _aBOSTON
_bHOUGHTON
_c1956
300 _a613P
942 _cBK
999 _c568121
_d568121